இலங்கை முஸ்லிம்களின் சனத்தொகை அதிகரிப்புப் பற்றிப் பரப்பப்பட்டு வரும் கட்டுக்கதைகளின் முடிச்சவிழ்த்தல் (Record no. 4976)

MARC details
000 -LEADER
fixed length control field 01201nam a22002057a 4500
003 - CONTROL NUMBER IDENTIFIER
control field LK-CoMWRAF
005 - DATE AND TIME OF LATEST TRANSACTION
control field 20260225124312.0
008 - FIXED-LENGTH DATA ELEMENTS--GENERAL INFORMATION
fixed length control field 260225b |||||||| |||| 00| 0 eng d
020 ## - INTERNATIONAL STANDARD BOOK NUMBER
International Standard Book Number 9789556250541
040 ## - CATALOGING SOURCE
Original cataloging agency LK-CoMWRAF
Modifying agency LK-CoMWRAF
Description conventions LK-CoMWRAF
041 ## - LANGUAGE CODE
Language code of text/sound track or separate title English
082 ## - DEWEY DECIMAL CLASSIFICATION NUMBER
Classification number 346
Item number SIR
942 ## - ADDED ENTRY ELEMENTS (KOHA)
Koha item type Books
100 ## - MAIN ENTRY--PERSONAL NAME
Personal name சிறிபால, நிமல்
245 ## - TITLE STATEMENT
Title இலங்கை முஸ்லிம்களின் சனத்தொகை அதிகரிப்புப் பற்றிப் பரப்பப்பட்டு வரும் கட்டுக்கதைகளின் முடிச்சவிழ்த்தல்
260 ## - PUBLICATION, DISTRIBUTION, ETC. (IMPRINT)
Place of publication, distribution, etc. Colombo :
Name of publisher, distributor, etc. Muslim women's research and action forum
650 ## - SUBJECT ADDED ENTRY--TOPICAL TERM
Topical term or geographic name as entry element இலங்கை முஸ்லிம்களின் சனத்தொகை அதிகரிப்புப் பற்றிப் பரப்பப்பட்டு வரும் கட்டுக்கதைகளன்
650 ## - SUBJECT ADDED ENTRY--TOPICAL TERM
Topical term or geographic name as entry element இலங்கை முஸ்லிம்களின் சனத்தொகை அதிகரிப்பு
650 ## - SUBJECT ADDED ENTRY--TOPICAL TERM
Topical term or geographic name as entry element இலங்கையில் முஸ்லிம்கள்
Holdings
Withdrawn status Lost status Damaged status Not for loan Collection code Permanent Location Current Location Date acquired Full call number Barcode Koha item type
        MWRAF Publications Resource center, Muslim Women's Research And Action Forum Resource center, Muslim Women's Research And Action Forum 2026-02-25 346 SIR RAF5375 Books
        MWRAF Publications Resource center, Muslim Women's Research And Action Forum Resource center, Muslim Women's Research And Action Forum 2026-02-25 346 SIR RAF5376 Books
        MWRAF Publications Resource center, Muslim Women's Research And Action Forum Resource center, Muslim Women's Research And Action Forum 2026-02-25 346 SIR RAF5377 Books

Copyright © 2023 Muslim Women's Research and Action Forum (MWRAF), No 27/3, Anderson Road, Kalubowila, Dehiwela. Funded by The Asia Fundation